Principios de fisiología animal

Đã lưu trong:
Chi tiết về thư mục
Tác giả chính: Moyes, Cristopher D. (autor)
Tác giả khác: Schulte, Patricia M
Định dạng: Sách
Ngôn ngữ:Tiếng Tây Ban Nha
Được phát hành: Madrid, España Pearson Educación 2007
Những chủ đề:
Các nhãn: Thêm thẻ
Không có thẻ, Là người đầu tiên thẻ bản ghi này!

MARC

LEADER 00000nam a2200000 a 4500
001 UCI9844
003 CL-VaPUC
005 20241017111518.0
008 081212e20070000SP |||||||||||||||||spa|d
999 |c 332302  |d 332300 
020 |a 8478290826 
040 |c Pontificia Universidad Católica de Valparaíso 
082 0 4 |a 591.1 MOY 2007  |2 21 
100 |a Moyes, Cristopher D.  |e autor  |9 533836 
245 1 0 |a Principios de fisiología animal 
260 0 3 |a Madrid, España  |b Pearson Educación  |c 2007 
300 |a 767 páginas 
583 |a last modification  |c 20081212 00:00:00  |k Rodrigo Vera 
650 7 |a FISIOLOGIA ANIMAL  |2 CL-VaPUC  |9 269586 
650 0 |a Membrana celular  |9 365516 
650 0 |a Sistema nervioso  |9 266815 
650 7 |a SISTEMA MUSCULAR  |2 CL-VaPUC  |9 269682 
650 7 |a SISTEMA LINFATICO  |2 CL-VaPUC  |9 405903 
650 0 |a Reproducción  |9 269783 
650 7 |a LACTANCIA  |2 CL-VaPUC  |9 271724 
700 0 |a Schulte, Patricia M  |9 533837 
942 |c BK  |2 ddc 
945 |d 20081212 00:00:00  |a jtorresc 
952 |0 0  |1 0  |2 ddc  |4 0  |6 591_100000000000000_MOY_2007  |7 0  |8 A  |9 419904  |a BIBCUR  |b BIBCUR  |d 2019-11-22  |i 4504321  |l 1  |m 2  |o 591.1 MOY 2007  |p 4504321  |r 2025-04-22  |s 2022-05-23  |t 1  |w 2019-11-22  |y BK  |k BIO